| 000 | 01213 a2200217 4500 | ||
|---|---|---|---|
| 001 | 53351 | ||
| 005 | 20260407155808.0 | ||
| 008 | 260407a1980 arg spa d | ||
| 003 | AR-UNSa-BCEJYS | ||
| 040 |
_aAR-UNSa-BCEJYS _bspa _cAR-UNSa-BCEJYS |
||
| 080 |
_a628.1 _xAbastecimiento de agua. Tratamiento del agua. Consumo del agua |
||
| 245 | 1 | 0 | _aGeografía de la utilización de las aguas continentales |
| 020 | _a84-281-0438-7 | ||
| 264 | 1 |
_aBarcelona : _bOikos-tau _c1980 |
|
| 300 |
_a435 p. _c21 cm. |
||
| 505 | _a1. El ciclo del agua y sus componentes - 2. Las necesidades humanas y los recursos en agua -3. Descubrimiento y acondicionamiento de los recursos en agua - 4. Los hombres contra el agua:Inundaciones y tierras bajas - 5. Medio ambiente:La parte del riesgo - 6. Necesiddad y dificultades de una gestión del agua - 7. Marismas y lugares de pesca - 8. El agua en la agricultura: Principios y técnicas - 9. Los paisajes de la agricultura hidráulica - 10. El agua al servicio de las actividades no agrícolas - 11. Conclusión.El agua y la organización del espacio | ||
| 942 | _cBK | ||
| 590 | _aniveau_biblio:m niveau_hierar:0 | ||
| 100 | 1 | _aBethemont, Jacques | |
| 700 | 1 | _aFerrer, Alexandre | |
| 999 |
_c5207 _d5207 |
||